Random Country Flag to Capital - Statistics

General Stats
  • This quiz has been taken 9,517 times
  • The average score is 14 of 20
Answer Stats
Picture Answer % Correct
Moscow
98%
Athens
96%
Berlin
96%
London
96%
Mexico City
96%
Paris
96%
Tokyo
96%
Washington D.C.
96%
Beijing
95%
Canberra
95%
Kiev
95%
Lisbon
95%
Madrid
95%
Rome
95%
Seoul
95%
Stockholm
95%
Cairo
94%
New Delhi
94%
Vatican City
94%
Jerusalem
93%
Oslo
93%
Prague
92%
Amsterdam
91%
Brasilia
91%
Helsinki
91%
Ottawa
91%
Warsaw
91%
Brussels
90%
Dublin
90%
Jakarta
90%
Kingston
90%
Luxembourg
90%
San Marino
90%
Ankara
89%
Buenos Aires
89%
Copenhagen
89%
Tehran
89%
Wellington
89%
Bern
88%
Islamabad
88%
Reykjavík
88%
Sofia
88%
Tunis
88%
Vienna
88%
Manila
87%
Pretoria / Cape Town / Bloemfontein
87%
Pyongyang
87%
Baghdad
86%
Belgrade
86%
Doha
86%
Tirana
86%
Algiers
85%
Bangkok
85%
Kathmandu
85%
Kuala Lumpur
85%
Monaco
85%
Panama City
85%
Sarajevo
85%
Zagreb
85%
Montevideo
84%
Nairobi
84%
Riga
84%
Beirut
83%
Budapest
83%
Hanoi
83%
Singapore
83%
Abu Dhabi
82%
Caracas
82%
Dhaka
82%
Havana
82%
Minsk
82%
Rabat
82%
Riyadh
82%
Santiago
82%
Tallinn
82%
Bucharest
81%
Kabul
81%
Andorra la Vella
80%
Bogotá
80%
Ljubljana
80%
Tbilisi
80%
Bratislava
79%
Lima
79%
Quito
78%
Skopje
78%
Taipei
78%
Nicosia
77%
Ulaanbaatar
77%
Valletta
77%
Pristina
76%
Djibouti
75%
Phnom Penh
75%
Vaduz
75%
Vilnius
75%
Addis Ababa
74%
Chișinău
74%
Guatemala City
74%
Baku
73%
San Salvador
73%
Damascus
72%
Nur-Sultan
72%
Sana'a
72%
Abuja
71%
Port-au-Prince
71%
Tashkent
71%
Yerevan
71%
Kuwait City
70%
Mogadishu
70%
Santo Domingo
70%
Tripoli
70%
Georgetown
69%
Kinshasa
69%
La Paz / Sucre
69%
Muscat
69%
Malé
68%
Manama
68%
Port Moresby
68%
Vientiane
68%
Dushanbe
67%
Amman
66%
Bridgetown
66%
Dakar
66%
Khartoum
66%
Managua
66%
Bishkek
65%
Luanda
65%
Thimphu
65%
Belmopan
64%
Dili
64%
Kampala
64%
Naypyidaw
64%
Podgorica
64%
San Jose
64%
Windhoek
64%
Accra
63%
Ashgabat
63%
Asunción
63%
Maseru
63%
Port-of-Spain
63%
Suva
63%
Gaborone
62%
Sri Jayawardenepura Kotte
62%
Tegucigalpa
62%
Antananarivo
61%
Asmara
61%
Bandar Seri Begawan
61%
Dodoma
61%
Harare
61%
Lusaka
61%
Nassau
61%
Niamey
61%
Ouagadougou
61%
Paramaribo
61%
São Tomé
61%
Freetown
60%
N'Djamena
60%
Gitega
59%
Juba
59%
Roseau
59%
Apia
58%
Bamako
57%
Maputo
57%
Monrovia
57%
Victoria
57%
Libreville
56%
Port Louis
56%
Bangui
55%
Bissau
55%
Mbabane
55%
Porto-Novo / Cotonou
55%
Yaoundé
55%
Brazzaville
54%
Palikir
54%
Praia
54%
Saint John's
54%
Banjul
53%
Kigali
53%
Funafuti
52%
Lomé
52%
Ngerulmud
52%
Nouakchott
52%
Nuku'alofa
52%
Castries
51%
Honiara
51%
Moroni
51%
South Tarawa
51%
Yamoussoukro
51%
Basseterre
48%
Lilongwe
48%
Malabo
48%
Port Vila
48%
Saint George's
48%
Yaren
48%
Kingstown
47%
Conakry
45%
Majuro
41%
No matching quizzes found
Score Distribution
Percent of People with Each Score
Percentile by Number Answered
Your Score History
You have not taken this quiz